Szczegóły MARC21

Dictionnaire des littératures de langue française Vol.4, S-Z /

005 -DATA I CZAS OSTATNIEJ MODYFIKACJI [,]
    • @
    • pole kontrolne
    • 20070315155141.9
020 -Międzynarod. znormalizowany nr książki - ISBN [ , ]
    • a
    • Numer ISBN
    • 2040272453 Find
040 -Instytucja sporządzająca opis [ , ]
    • a
    • Instytucja, która sporządziła opis (NP)
    • SZCZ U
    • c
    • Instytucja, która sporządziła rekord (NP)
    • SZCZ U
041 -Język dokumentu [0, ]
    • a
    • Język tekstu (P)
    • francuski
    • h
    • Język tekstu oryginalnego i/lub pośredniego (P)
    • francuski
942 -Rodzaj dokumentu [ , ]
    • c
    • Rodzaj dokumentu
    • Książka
100 -Hasło główne - nazwa osobowa [ , ]
    • a
    • Nazwa osobowa (NP)
    • BEAUMARCHAIS, JEAN-PIERRE de
245 -Strefa tytułu i oznaczenia odpowiedzialności [1, ]
    • a
    • Tytuł
    • Dictionnaire des littératures de langue française Find
    • n
    • Oznaczenie części (P)
    • Vol.4,
    • p
    • Nazwa części (P)
    • S-Z /
    • c
    • Pozostałe elementy strefy tytułu i oznaczenia odpowiedzialności (NP)
    • Jean-Pierre de Beaumarchais, Daniel Couty, Alain Rey.
260 -Strefa adresu wydawniczego [ , ]
    • a
    • Miejsce wydania (P)
    • Paris :
    • b
    • Nazwa wydawcy (P)
    • Bordas,
    • c
    • Data wydania (P)
    • 1998.
300 -Strefa opisu fizycznego [ , ]
    • a
    • Określenie formy książki i/lub objętość (NP)
    • S.2211-2875 :
    • b
    • Oznaczenie ilustracji (NP)
    • [16] k.tabl :
    • c
    • Format (NP)
    • 30 cm.
080 -Uniwersalna Klasyfikacja Dziesiętna [ , ]
    • a
    • Symbol klasyfikacji
    • 840(091)(038)=40
080 -Uniwersalna Klasyfikacja Dziesiętna [ , ]
    • a
    • Symbol klasyfikacji
    • +82.0(038)=40
980 -Symbol UKD [ , ]
    • a
    • UKD
    • 840(091)(038)=40+82.0(038)=40
700 -Hasło dodatkowe - nazwa osobowa [ , ]
    • a
    • Nazwa osobowa (NP)
    • Couty Daniel Find
700 -Hasło dodatkowe - nazwa osobowa [ , ]
    • a
    • Nazwa osobowa (NP)
    • Rey Alain Find
920 -ISBN [ , ]
    • a
    • ISBN
    • 2-04-027245-3 Find
Numer inwentarzowy Lokalizacja Status udost. Sygnatura Data inwentaryzacji
A.6740BM1FR. Literatura francuska 032002-10-14